[Event "GRE-ch Univ Students online 1st"]
[Site "Tornelo INT"]
[Date "2022.05.28"]
[Round "5"]
[White "Kanellakis, Kosmas"]
[Black "Koutsogiannopoulou, Theodora"]
[Result "0-1"]
[WhiteElo "1096"]
[BlackElo "1843"]
[PlyCount "42"]
[EventDate "2022.05.28"]
[EventType "swiss (rapid)"]
[EventRounds "9"]
[EventCountry "GRE"]
[SourceTitle "EXT 2024"]
[Source "ChessBase"]
[SourceDate "2023.10.10"]
[SourceVersion "1"]
[SourceVersionDate "2023.10.10"]
[SourceQuality "1"]

1. e4 c5 2. e5 d6 3. f4 dxe5 4. fxe5 Nc6 5. Nf3 e6 6. g3 Nge7 7. Bb5 a6 8. Bxc6+ Nxc6 9. c3 b5 10. d4 Bb7 11. 0-0 Be7 12. Be3 cxd4 13. Nxd4 Nxe5 14. Qh5 Qd5 15. Nf3 Nxf3+ 16. Qxf3 Qxf3 17. Rxf3 Bxf3 18. Nd2 Bb7 19. Kf2 0-0 20. b4 Rac8 21. Rc1 Bxb4 0-1

[Event "GRE-chT 46th"]
[Site "Rio Achaia"]
[Date "2018.07.11"]
[Round "3.10"]
[White "Koutsogiannopoulou, Theodora"]
[Black "Juhasz, Barbara"]
[Result "1-0"]
[WhiteElo "1852"]
[BlackElo "2227"]
[PlyCount "105"]
[EventDate "2018.07.10"]
[EventType "team"]
[EventRounds "7"]
[EventCountry "GRE"]
[SourceTitle "CBM 185 Extra"]
[Source "ChessBase"]
[SourceDate "2018.07.29"]
[SourceVersion "1"]
[SourceVersionDate "2018.07.29"]
[SourceQuality "1"]
[WhiteTeam "My Mountains"]
[BlackTeam "Evoiki EV"]
[WhiteTeamCountry "GRE"]
[BlackTeamCountry "GRE"]

1. e4 c5 2. Nf3 e6 3. d4 cxd4 4. Nxd4 a6 5. c4 Nf6 6. Nc3 Qc7 7. f3 Be7 8. Be3 b6 9. Qd2 Bb7 10. Rc1 d6 11. Be2 Nbd7 12. 0-0 0-0 13. Rfd1 Rac8 14. Bf1 Qb8 15. Qf2 Rfe8 16. Kh1 Bd8 17. Rd2 Ne5 18. b3 d5 19. exd5 exd5 20. Nf5 g6 21. Nh6+ Kg7 22. cxd5 Nxd5 23. Rxd5 Bxd5 24. Nxd5 Rxc1 25. Bxc1 Qd6 26. Ne3 Qc5 27. Bd2 f6 28. Bxa6 Bc7 29. a4 Rd8 30. b4 Qc6 31. Bb5 Qe6 32. Nhg4 Nxg4 33. Nxg4 h5 34. Ne3 Qa2 35. Be1 Qa1 36. Kg1 Bf4 37. g3 Be5 38. Nc2 Qc1 39. Kf1 Rc8 40. Bd3 Bc3 41. Qxb6 Bxe1 42. Nxe1 Re8 43. Be2 Qb2 44. Qb5 Re5 45. Qc4 h4 46. f4 Re7 47. Kf2 hxg3+ 48. hxg3 Qd2 49. Nc2 Kh6 50. a5 Qd6 51. a6 g5 52. Qd4 Qe6 53. Bc4 1-0

[Event "Veliko Gradiste Silver Lake op"]
[Site "Veliko Gradiste"]
[Date "2018.06.24"]
[Round "9"]
[White "Tashev, Aleksandar Asenov"]
[Black "Koutsogiannopoulou, Theodora"]
[Result "1-0"]
[WhiteElo "2161"]
[BlackElo "1825"]
[PlyCount "51"]
[EventDate "2018.06.17"]
[EventType "swiss"]
[EventRounds "9"]
[EventCountry "SRB"]
[SourceTitle "EXT 2019"]
[Source "ChessBase"]
[SourceDate "2018.10.10"]
[SourceVersion "1"]
[SourceVersionDate "2018.10.10"]
[SourceQuality "1"]

1. Nf3 Nf6 2. g3 g6 3. b4 a5 4. b5 a4 5. Bg2 c6 6. Na3 Bg7 7. Rb1 0-0 8. 0-0 d5 9. d3 Nbd7 10. c4 e5 11. Qc2 Re8 12. bxc6 bxc6 13. cxd5 cxd5 14. Nb5 Ba6 15. Nd6 Re6 16. Nxf7 Qf8 17. Bh3 Ree8 18. N7g5 Qd6 19. Qc3 Bf8 20. Bg2 h6 21. Nh3 g5 22. Nhxg5 hxg5 23. Bxg5 Nh7 24. Qd2 Qg6 25. h4 Rab8 26. Qa5 1-0

[Event "Veliko Gradiste Silver Lake op"]
[Site "Veliko Gradiste"]
[Date "2018.06.20"]
[Round "5"]
[White "Eswaran, Ashritha"]
[Black "Koutsogiannopoulou, Theodora"]
[Result "0-1"]
[WhiteElo "2150"]
[BlackElo "1825"]
[PlyCount "90"]
[EventDate "2018.06.17"]
[EventType "swiss"]
[EventRounds "9"]
[EventCountry "SRB"]
[SourceTitle "CBM 185 Extra"]
[Source "ChessBase"]
[SourceDate "2018.07.29"]
[SourceVersion "1"]
[SourceVersionDate "2018.07.29"]
[SourceQuality "1"]

1. e4 c5 2. Nf3 d6 3. d4 cxd4 4. Nxd4 Nf6 5. Nc3 a6 6. Qf3 e5 7. Nf5 Nc6 8. Bd3 h6 9. 0-0 g6 10. Ne3 Bg7 11. a4 0-0 12. Ncd5 Be6 13. c3 Bxd5 14. exd5 Ne7 15. a5 Nd7 16. Nc4 Qc7 17. Be3 f5 18. Bb6 Nxb6 19. Nxb6 Rae8 20. Bc2 g5 21. Qh5 Rf7 22. Ba4 Rd8 23. Rac1 Nc8 24. Nxc8 Rxc8 25. b4 Qc4 26. Qd1 Qh4 27. f3 e4 28. g3 Qh5 29. c4 Be5 30. Kg2 Rcf8 31. c5 exf3+ 32. Rxf3 g4 33. Rf1 f4 34. Rc4 f3+ 35. Kg1 Qh3 36. Rf2 Bxg3 37. hxg3 Qxg3+ 38. Kh1 Rf5 39. Rh2 h5 40. Bc2 Re5 41. Be4 f2 42. Qf1 Rxe4 43. Rxh5 Re1 44. Rg5+ Kh7 45. Rh5+ Kg6 0-1

[Event "Titled Tuesday intern op 17th April"]
[Site "Chess.com INT"]
[Date "2018.04.17"]
[Round "9"]
[White "Koutsogiannopoulou, Theodora"]
[Black "Kislov, Oleg"]
[Result "0-1"]
[WhiteElo "1825"]
[BlackElo "2249"]
[PlyCount "102"]
[EventDate "2018.04.17"]
[EventType "swiss (blitz)"]
[EventRounds "10"]
[EventCountry "USA"]
[SourceTitle "EXT 2021"]
[Source "ChessBase"]
[SourceDate "2020.10.23"]
[SourceVersion "1"]
[SourceVersionDate "2020.10.23"]
[SourceQuality "1"]

1. e4 e6 2. d4 d5 3. Nc3 Nf6 4. Bg5 dxe4 5. Nxe4 Be7 6. Bxf6 gxf6 7. Bd3 b6 8. c3 Bb7 9. Nf3 c6 10. Qe2 Qc7 11. a4 Nd7 12. a5 Rg8 13. a6 Bc8 14. Ng3 Nf8 15. 0-0 Bd7 16. Rfe1 0-0-0 17. Nf5 Bd6 18. Nxd6+ Qxd6 19. c4 Ng6 20. c5 bxc5 21. dxc5 Qc7 22. Qc2 Nf4 23. Bf1 e5 24. Rec1 Rg7 25. b4 Nxg2 26. Bxg2 Bh3 27. Ne1 Rdg8 28. f3 Bxg2 29. Nxg2 Qd7 30. Kh1 Rxg2 31. Qxg2 Rxg2 32. Kxg2 Qd2+ 33. Kg3 Qxb4 34. Rg1 Qxc5 35. Kh3 Qd5 36. Rg8+ Kd7 37. Rg3 Ke6 38. Rb1 Qd3 39. Ra1 f5 40. f4 Qd4 41. Rb1 exf4 42. Rf3 Qe4 43. Rbf1 Ke5 44. Kh4 c5 45. Kg5 c4 46. Kh6 Qd4 47. h4 c3 48. R3f2 Qd6+ 49. Kxh7 Qg6+ 50. Kh8 Kf6 51. Rxf4 Qg7# 0-1

[Event "Titled Tuesday intern op 17th April"]
[Site "Chess.com INT"]
[Date "2018.04.17"]
[Round "8"]
[White "Savins Puertas, Martin"]
[Black "Koutsogiannopoulou, Theodora"]
[Result "0-1"]
[WhiteElo "2008"]
[BlackElo "1825"]
[PlyCount "188"]
[EventDate "2018.04.17"]
[EventType "swiss (blitz)"]
[EventRounds "10"]
[EventCountry "USA"]
[SourceTitle "EXT 2021"]
[Source "ChessBase"]
[SourceDate "2020.10.23"]
[SourceVersion "1"]
[SourceVersionDate "2020.10.23"]
[SourceQuality "1"]

1. e4 d6 2. d4 g6 3. Bd3 Bg7 4. c3 c5 5. d5 Nf6 6. c4 0-0 7. Nc3 e6 8. Nge2 exd5 9. exd5 Nbd7 10. b3 Re8 11. 0-0 Ng4 12. Bd2 Qh4 13. h3 Nge5 14. Be4 Nf6 15. f3 Bd7 16. Qe1 Qxe1 17. Raxe1 Nxe4 18. fxe4 Nd3 19. Rd1 Re7 20. Be3 Ne5 21. Bg5 Ree8 22. a4 h6 23. Bh4 g5 24. Bg3 Re7 25. Nb5 Bxb5 26. axb5 Rae8 27. Bf2 Ng6 28. Ng3 Be5 29. Nf5 Rc7 30. Nxh6+ Kg7 31. Nf5+ Kh7 32. Rfe1 a6 33. bxa6 bxa6 34. Re2 Rb8 35. Rb1 Rcb7 36. Ra2 Rxb3 37. Rxb3 Rxb3 38. Be1 Rb1 39. Kf2 Nf4 40. Bd2 Nd3+ 41. Ke3 Ne1 42. g4 Bf4+ 43. Ke2 Ng2 44. Bc3 Rh1 45. Kf3 Ne1+ 46. Bxe1 Rxe1 47. Rxa6 Rh1 48. Nxd6 Rxh3+ 49. Ke2 Re3+ 50. Kd1 Bxd6 51. Rxd6 Rxe4 52. Rf6 Kg7 53. Rf5 Rxg4 54. Ke2 Kg6 55. Re5 Rxc4 56. d6 Rd4 57. Rxc5 Rxd6 58. Kf3 Rd4 59. Rc6+ f6 60. Rc5 Kh5 61. Rc6 Rf4+ 62. Kg3 f5 63. Rc8 Rg4+ 64. Kh3 Rh4+ 65. Kg3 f4+ 66. Kg2 Kg4 67. Rc3 Rh7 68. Rc2 Rd7 69. Ra2 Rd3 70. Rb2 Rg3+ 71. Kf2 Rh3 72. Kg2 f3+ 73. Kg1 Kg3 74. Rb3 g4 75. Ra3 Rh5 76. Rb3 Rd5 77. Rb1 Rd2 78. Rc1 Rh2 79. Rc3 Rg2+ 80. Kf1 Rh2 81. Kg1 Rg2+ 82. Kf1 Rd2 83. Rc1 Kh2 84. Rc8 Rg2 85. Rc7 Kg3 86. Rc3 Rh2 87. Kg1 Rh5 88. Ra3 Re5 89. Ra1 Kf4 90. Kf2 g3+ 91. Kf1 Re4 92. Ra3 Kg4 93. Rb3 Rd4 94. Ra3 Rd1# 0-1

[Event "Anogia op 6th"]
[Site "Anogia"]
[Date "2017.07.16"]
[Round "8"]
[White "Iliopoulos, Georgios"]
[Black "Koutsogiannopoulou, Theodora"]
[Result "0-1"]
[WhiteElo "1650"]
[BlackElo "1895"]
[PlyCount "82"]
[EventDate "2017.07.10"]
[EventType "swiss"]
[EventRounds "9"]
[EventCountry "GRE"]
[SourceTitle "CBM 179 Extra"]
[Source "ChessBase"]
[SourceDate "2017.08.23"]
[SourceVersion "1"]
[SourceVersionDate "2017.08.23"]
[SourceQuality "1"]

1. e4 d6 2. d4 Nf6 3. Bd3 g6 4. Nf3 Bg7 5. 0-0 0-0 6. Bg5 h6 7. Bh4 c6 8. c3 Qc7 9. Nbd2 e5 10. Re1 Nbd7 11. Qc2 b5 12. a4 Rb8 13. axb5 cxb5 14. d5 Nc5 15. b4 Nxd3 16. Qxd3 Nh5 17. Qe3 Rb7 18. Nb3 Bd7 19. Na5 Rbb8 20. Nc6 Bxc6 21. dxc6 Qxc6 22. Be7 Rfc8 23. Rxa7 Rc7 24. Rea1 Rbc8 25. R1a6 Qxc3 26. Rxc7 Qxc7 27. Bxd6 Qc1+ 28. Ne1 Nf4 29. Bc5 Qb1 30. Kf1 Rd8 31. Rd6 Ra8 32. g3 Ne6 33. Qd3 Qb2 34. Qxb5 Nd4 35. Qc4 Ra2 36. Bxd4 exd4 37. Rd8+ Bf8 38. Qxd4 Qe2+ 39. Kg2 Qxe1 40. Rd7 Bg7 41. Rd8+ Kh7 0-1

[Event "Nea Moudania op 2nd"]
[Site "Nea Moudania"]
[Date "2016.08.30"]
[Round "9"]
[White "Dorfanis, Ilarion"]
[Black "Koutsogiannopoulou, Theodora"]
[Result "0-1"]
[WhiteElo "2124"]
[BlackElo "1924"]
[PlyCount "120"]
[EventDate "2016.08.22"]
[EventType "swiss"]
[EventRounds "9"]
[EventCountry "GRE"]
[SourceTitle "CBM 174 Extra"]
[Source "ChessBase"]
[SourceDate "2016.10.10"]
[SourceVersion "1"]
[SourceVersionDate "2016.10.10"]
[SourceQuality "1"]

1. e4 c5 2. Nf3 d6 3. Bb5+ Nd7 4. 0-0 a6 5. Bd3 Ngf6 6. Re1 Qc7 7. c3 e5 8. Bc2 c4 9. b3 b5 10. a4 Rb8 11. axb5 axb5 12. b4 Bb7 13. d3 Bc6 14. d4 Ra8 15. Na3 Qb8 16. Qe2 Be7 17. Nh4 0-0 18. Nf5 Re8 19. d5 Bb7 20. Be3 Bc8 21. Ra2 Nf8 22. Nxe7+ Rxe7 23. f3 Ng6 24. Rea1 Nh5 25. Nb1 Rxa2 26. Rxa2 Nhf4 27. Qd2 Rb7 28. Ra5 Bd7 29. g3 Nh5 30. Qc1 Qc8 31. Nd2 Rb8 32. Kf2 Nf6 33. Qa3 h5 34. Ra7 h4 35. Qa5 hxg3+ 36. hxg3 Ne8 37. Ke2 f5 38. Bg5 fxe4 39. Nxe4 Bf5 40. Qa6 Bxe4 41. Qxc8 Bd3+ 42. Bxd3 cxd3+ 43. Kxd3 Rxc8 44. Rb7 Nc7 45. Ke4 Kf8 46. Rb6 Ne7 47. Rxd6 Ncxd5 48. Kxe5 Nxc3 49. Ke6 Re8 50. Kd7 Ned5 51. Bd2 Re7+ 52. Kd8 Kf7 53. g4 Ra7 54. g5 Ra8+ 55. Kd7 Ra7+ 56. Kd8 g6 57. Rc6 Na4 58. Be3 Nxe3 59. Kc8 Nd5 60. Kb8 Re7 0-1

[Event "Nea Moudania op 2nd"]
[Site "Nea Moudania"]
[Date "2016.08.22"]
[Round "1"]
[White "Nadj Hedjesi, Balind"]
[Black "Koutsogiannopoulou, Theodora"]
[Result "1-0"]
[WhiteElo "2318"]
[BlackElo "1924"]
[PlyCount "75"]
[EventDate "2016.08.22"]
[EventType "swiss"]
[EventRounds "9"]
[EventCountry "GRE"]
[SourceTitle "CBM 174 Extra"]
[Source "ChessBase"]
[SourceDate "2016.10.10"]
[SourceVersion "1"]
[SourceVersionDate "2016.10.10"]
[SourceQuality "1"]

1. e4 c5 2. Nc3 a6 3. Nf3 d6 4. d4 cxd4 5. Nxd4 Nf6 6. Rg1 e5 7. Nb3 Be6 8. g4 h6 9. h4 g6 10. g5 Nh5 11. Be3 Nf4 12. Bxf4 exf4 13. Qd4 Rh7 14. 0-0-0 Nc6 15. Qd2 hxg5 16. hxg5 Rh4 17. Nd5 Bxd5 18. Qxd5 Be7 19. Bc4 Ne5 20. Qxb7 Nxc4 21. Qc6+ Kf8 22. Qxc4 Bxg5 23. Qc6 Be7 24. e5 Rc8 25. Qb7 Rc7 26. Qxa6 Rd7 27. e6 fxe6 28. Nd4 Kf7 29. Qd3 Rh6 30. Nxe6 Kxe6 31. Rxg6+ Rxg6 32. Qxg6+ Bf6 33. Re1+ Kd5 34. Re8 Qc7 35. Qxf6 Qb6 36. Qe6+ Kc6 37. Qc4+ Kb7 38. Qc8+ 1-0

[Event "Anogia op 5th"]
[Site "Anogia"]
[Date "2016.07.13"]
[Round "2"]
[White "Townsend, M Paul"]
[Black "Koutsogiannopoulou, Theodora"]
[Result "1-0"]
[WhiteElo "2260"]
[BlackElo "1940"]
[PlyCount "41"]
[EventDate "2016.07.12"]
[EventType "swiss"]
[EventRounds "9"]
[EventCountry "GRE"]
[SourceTitle "CBM 173 Extra"]
[Source "ChessBase"]
[SourceDate "2016.08.29"]
[SourceVersion "1"]
[SourceVersionDate "2016.08.29"]
[SourceQuality "1"]

1. d4 Nf6 2. c4 g6 3. Nc3 Bg7 4. e4 d6 5. f3 0-0 6. Be3 Nbd7 7. Nge2 e5 8. d5 a5 9. Qd2 Re8 10. g4 Nc5 11. Ng3 Qe7 12. h4 c6 13. 0-0-0 Rd8 14. Kb1 cxd5 15. cxd5 b6 16. h5 Bd7 17. hxg6 fxg6 18. Qh2 Ra7 19. g5 Ne8 20. Qxh7+ Kf7 21. Rh6 1-0

[Event "Moscow op-B (Women)"]
[Site "Moscow"]
[Date "2016.02.05"]
[Round "7"]
[White "Zayniddinova, Sabokhat"]
[Black "Koutsogiannopoulou, Theodora"]
[Result "0-1"]
[WhiteElo "1794"]
[BlackElo "1937"]
[PlyCount "134"]
[EventDate "2016.01.30"]
[EventType "swiss"]
[EventRounds "9"]
[EventCountry "RUS"]
[SourceTitle "CBM 170 Extra"]
[Source "ChessBase"]
[SourceDate "2016.02.25"]
[SourceVersion "1"]
[SourceVersionDate "2016.02.25"]
[SourceQuality "1"]

1. e4 c5 2. Nf3 d6 3. d4 cxd4 4. Nxd4 Nf6 5. Nc3 a6 6. Be3 e5 7. Nb3 Be6 8. f3 h5 9. Qd2 Nbd7 10. 0-0-0 Be7 11. h3 Rc8 12. Kb1 Qc7 13. Bd3 Nb6 14. Qf2 Nc4 15. Bxc4 Bxc4 16. Bb6 Qd7 17. Na5 Be6 18. Rd3 d5 19. exd5 Bf5 20. Ne4 Nxe4 21. fxe4 Bxe4 22. Rd2 0-0 23. d6 Bg5 24. Re2 Bg6 25. Bc7 Rxc7 26. dxc7 Qxc7 27. Nb3 Rc8 28. g4 h4 29. Rhe1 Bf4 30. Qg2 b5 31. Na1 e4 32. Rxe4 Bxe4 33. Qxe4 Bg3 34. Rf1 Qd7 35. Nb3 Re8 36. Qf3 Qe6 37. Nc1 a5 38. Nd3 b4 39. b3 Rc8 40. Qf5 Qe8 41. Qf3 Rc3 42. Qf5 Qe7 43. Qf3 Qc7 44. Qa8+ Qc8 45. Qxc8+ Rxc8 46. Rf5 Ra8 47. Kb2 g6 48. Rd5 Bc7 49. Rd7 Bd8 50. Rd6 Be7 51. Rd5 Bf6+ 52. Kc1 Bc3 53. Nb2 Re8 54. Rd1 Re3 55. Rh1 Bxb2+ 56. Kxb2 Kg7 57. a3 f5 58. axb4 axb4 59. gxf5 gxf5 60. Rf1 Kf6 61. Rf4 Kg5 62. Rxb4 Rxh3 63. Kc1 Re3 64. Kd2 Re4 65. Rb8 h3 66. Rd8 Kf4 67. Rg8 h2 0-1

[Event "Moscow op-B (Women)"]
[Site "Moscow"]
[Date "2016.02.01"]
[Round "3"]
[White "Lysenko, Margarita"]
[Black "Koutsogiannopoulou, Theodora"]
[Result "1/2-1/2"]
[WhiteElo "2107"]
[BlackElo "1937"]
[PlyCount "172"]
[EventDate "2016.01.30"]
[EventType "swiss"]
[EventRounds "9"]
[EventCountry "RUS"]
[SourceTitle "CBM 170 Extra"]
[Source "ChessBase"]
[SourceDate "2016.02.25"]
[SourceVersion "1"]
[SourceVersionDate "2016.02.25"]
[SourceQuality "1"]

1. d4 Nf6 2. c4 g6 3. Nc3 Bg7 4. e4 d6 5. Be2 0-0 6. Bg5 Na6 7. Nf3 Qe8 8. 0-0 e5 9. dxe5 dxe5 10. Qc1 Nc5 11. Qe3 Ne6 12. Bxf6 Bxf6 13. Nd5 Bg7 14. Ng5 Qd8 15. Nxe6 Bxe6 16. Rfd1 c6 17. Nc3 Qe7 18. Nb1 f5 19. c5 Rad8 20. Na3 Rd4 21. exf5 gxf5 22. Rxd4 exd4 23. Qc1 Bxa2 24. Bc4+ Bxc4 25. Qxc4+ Kh8 26. Nc2 Rd8 27. Rd1 Qe4 28. Qd3 Qxd3 29. Rxd3 Rd5 30. b4 b6 31. cxb6 axb6 32. Kf1 Kg8 33. f4 Kf7 34. Ke2 Ke6 35. Ra3 c5 36. bxc5 bxc5 37. Kd3 Rd7 38. Kc4 Bf8 39. Ne1 Rb7 40. Nd3 Rc7 41. Ra2 Bd6 42. g3 h5 43. Ra6 Kd7 44. Kd5 Be7 45. Kc4 Bd6 46. Kd5 Be7 47. Rh6 c4 48. Ne5+ Kc8 49. Nxc4 d3 50. Rc6 Rxc6 51. Kxc6 Bb4 52. Ne3 d2 53. Nd1 Kd8 54. Kd5 Kd7 55. Kc4 Ba5 56. Kd3 Kd6 57. Ne3 Ke6 58. Ke2 Kf6 59. Nc4 Bd8 60. Nxd2 h4 61. gxh4 Kg6 62. Kf3 Bxh4 63. Nf1 Be7 64. Ne3 Bc5 65. Nc4 Bg1 66. h3 Bd4 67. Ne5+ Kf6 68. Nc6 Bc3 69. h4 Ke6 70. Ke3 Bf6 71. h5 Bg7 72. Nd4+ Kf6 73. Kd3 Bh6 74. Ke3 Bg7 75. Nc6 Bh6 76. Ne5 Ke6 77. Nd3 Kf6 78. Kd4 Ke6 79. Kc4 Kd6 80. Kd4 Bg7+ 81. Ke3 Bh6 82. Ne1 Kd5 83. Nf3 Ke6 84. Ng5+ Kf6 85. Nh7+ Kg7 86. Ng5 Kf6 1/2-1/2

[Event "Heraklion Gazi op 11th"]
[Site "Heraklion"]
[Date "2015.08.01"]
[Round "9"]
[White "Koutsogiannopoulou, Theodora"]
[Black "Dounis, Alexandros"]
[Result "0-1"]
[WhiteElo "1912"]
[BlackElo "2230"]
[PlyCount "78"]
[EventDate "2015.07.25"]
[EventType "swiss"]
[EventRounds "9"]
[EventCountry "GRE"]
[SourceTitle "CBM 167 Extra"]
[Source "ChessBase"]
[SourceDate "2015.09.14"]
[SourceVersion "1"]
[SourceVersionDate "2015.09.14"]
[SourceQuality "1"]

1. e4 e5 2. Nf3 Nc6 3. Bb5 g6 4. 0-0 Bg7 5. c3 d6 6. Re1 Nge7 7. d4 a6 8. Ba4 exd4 9. cxd4 b5 10. Bb3 0-0 11. h3 Na5 12. Bc2 c5 13. Nc3 cxd4 14. Nxd4 Bb7 15. Bg5 h6 16. Bf4 Rc8 17. Qd3 Nc4 18. b3 Ne5 19. Qd2 g5 20. Be3 d5 21. Rad1 dxe4 22. Nxe4 f5 23. Nxg5 hxg5 24. Bxg5 Qd5 25. f4 N5g6 26. Nf3 Qxd2 27. Nxd2 Rxc2 28. Bxe7 Re8 29. Bb4 Rxe1+ 30. Rxe1 Bf8 31. Re8 Kf7 32. Rb8 Bd5 33. Bxf8 Nxf8 34. Nf3 Bxf3 35. gxf3 Rxa2 36. h4 Rb2 37. Rb6 Ng6 38. Rxa6 Nxh4 39. Rb6 Nxf3+ 0-1

[Event "Heraklion Gazi op 11th"]
[Site "Heraklion"]
[Date "2015.07.30"]
[Round "7"]
[White "Koutsogiannopoulou, Theodora"]
[Black "Goossens, Hanne"]
[Result "0-1"]
[WhiteElo "1912"]
[BlackElo "2206"]
[PlyCount "124"]
[EventDate "2015.07.25"]
[EventType "swiss"]
[EventRounds "9"]
[EventCountry "GRE"]
[SourceTitle "CBM 167 Extra"]
[Source "ChessBase"]
[SourceDate "2015.09.14"]
[SourceVersion "1"]
[SourceVersionDate "2015.09.14"]
[SourceQuality "1"]

1. e4 c5 2. Nf3 d6 3. Bb5+ Nc6 4. 0-0 Bd7 5. Re1 Nf6 6. c3 a6 7. Bc4 b5 8. Bf1 Bg4 9. a4 c4 10. d4 cxd3 11. Qxd3 b4 12. Qc4 Qb6 13. Be3 Qb7 14. Nd4 Nxd4 15. Bxd4 e5 16. Be3 bxc3 17. Nxc3 Be6 18. Qd3 h6 19. a5 Be7 20. Red1 0-0 21. Rac1 Rfc8 22. Nd5 Nxd5 23. exd5 Rxc1 24. Bxc1 Bd7 25. Qg3 Kh8 26. Qa3 Bg4 27. f3 Bf5 28. Be3 Bc2 29. Rd2 Bb3 30. Qa1 Bxd5 31. Qe1 Be6 32. Bb6 Rc8 33. Bd3 Bg5 34. Rd1 Bb3 35. Ra1 Bc2 36. Bf1 Bf5 37. Qe2 Ra8 38. Qc4 d5 39. Qb3 Be6 40. Re1 e4 41. fxe4 dxe4 42. Qb4 f5 43. Qd6 Bd5 44. Qe5 f4 45. Rc1 Bf6 46. Qxf4 Bg5 47. Qc7 Bxc1 48. Qxc1 Qc6 49. Qe3 Bc4 50. Be2 Bxe2 51. Qxe2 Qc1+ 52. Kf2 Rf8+ 53. Kg3 Qf4+ 54. Kh3 Qf5+ 55. Qg4 Qxg4+ 56. Kxg4 g5 57. g3 Kh7 58. h4 gxh4 59. Kxh4 Kg6 60. Kg4 Rf3 61. Kh3 Kf5 62. Bd4 e3 0-1

[Event "World Amateur-ch (Women)"]
[Site "Chalkidiki"]
[Date "2015.04.19"]
[Round "7"]
[White "Khulan, Enkhsaikhan"]
[Black "Koutsogiannopoulou, Theodora"]
[Result "0-1"]
[WhiteElo "1918"]
[BlackElo "1910"]
[PlyCount "158"]
[EventDate "2015.04.14"]
[EventType "team-swiss"]
[EventRounds "9"]
[EventCountry "GRE"]
[SourceTitle "CBM 166 Extra"]
[Source "ChessBase"]
[SourceDate "2015.06.18"]
[SourceVersion "1"]
[SourceVersionDate "2015.06.18"]
[SourceQuality "1"]

1. c4 Nf6 2. g3 g6 3. Bg2 Bg7 4. Nf3 0-0 5. 0-0 d6 6. Nc3 e5 7. d4 Nc6 8. dxe5 dxe5 9. Qxd8 Rxd8 10. Bg5 Be6 11. b3 h6 12. Bc1 e4 13. Nd2 Bf5 14. Ndb1 Nd4 15. a4 Nxb3 16. Ra3 Nxc1 17. Rxc1 Rd7 18. Rb3 c6 19. e3 Rad8 20. h3 h5 21. a5 Bf8 22. Rc2 Re8 23. Rcb2 Re5 24. Rxb7 Rxb7 25. Rxb7 Rxa5 26. Nd2 Ra1+ 27. Kh2 a5 28. Ncxe4 Nxe4 29. Bxe4 Be6 30. Bxc6 Ra2 31. Ne4 Bxc4 32. Kg2 Kg7 33. Ra7 Bb4 34. h4 Be1 35. Rd7 Be6 36. Rd1 Bb4 37. Bd5 Bxd5 38. Rxd5 a4 39. Rd7 a3 40. Ng5 Be1 41. Rxf7+ Kg8 42. Ra7 Rxf2+ 43. Kh3 a2 44. Ne4 Re2 45. Nf6+ Kf8 46. Nd5 Ke8 47. e4 Kd8 48. Nf4 Rc2 49. Nd5 Kc8 50. e5 Bf2 51. Ra6 Bg1 52. g4 Bd4 53. e6 a1Q 54. Rxa1 Bxa1 55. g5 Re2 56. Ne7+ Kd8 57. Nxg6 Rxe6 58. Nf4 Re3+ 59. Kg2 Re4 60. Kf3 Ra4 61. g6 Ke7 62. Nd5+ Kf8 63. Nf4 Kg7 64. Nxh5+ Kxg6 65. Nf4+ Kh6 66. Ng2 Kh5 67. Kg3 Be5+ 68. Kf3 Bf6 69. Ne3 Bxh4 70. Nd5 Bg5 71. Nb6 Rf4+ 72. Ke2 Kg4 73. Kd3 Rb4 74. Nd5 Ra4 75. Nb6 Ra6 76. Nd5 Kf3 77. Nb4 Rd6+ 78. Kc4 Ke4 79. Nc2 Rc6+ 0-1

[Event "World Amateur-ch (Women)"]
[Site "Chalkidiki"]
[Date "2015.04.15"]
[Round "2"]
[White "Amarjargal, Enkhbayar"]
[Black "Koutsogiannopoulou, Theodora"]
[Result "1/2-1/2"]
[WhiteElo "1809"]
[BlackElo "1910"]
[PlyCount "132"]
[EventDate "2015.04.14"]
[EventType "team-swiss"]
[EventRounds "9"]
[EventCountry "GRE"]
[SourceTitle "CBM 166 Extra"]
[Source "ChessBase"]
[SourceDate "2015.06.18"]
[SourceVersion "1"]
[SourceVersionDate "2015.06.18"]
[SourceQuality "1"]

1. e4 c5 2. Nc3 d6 3. g3 Nc6 4. Bg2 g6 5. Nge2 Bg7 6. d3 e6 7. 0-0 Nge7 8. Be3 0-0 9. Qc1 Nd4 10. Bxd4 cxd4 11. Nb5 Nc6 12. c4 dxc3 13. Nbxc3 Bd7 14. Qd2 a6 15. Rac1 Rc8 16. Kh1 b5 17. a3 Qb6 18. h4 Rc7 19. f4 Na5 20. Qd1 f5 21. b4 Nc6 22. Bf3 Rfc8 23. Qe1 Nd4 24. Qf2 Qa7 25. Kg2 Nxe2 26. Nxe2 Qxf2+ 27. Kxf2 Rxc1 28. Rxc1 Rxc1 29. Nxc1 Bb2 30. Nb3 fxe4 31. dxe4 Bc8 32. e5 dxe5 33. Nc5 exf4 34. gxf4 Kf7 35. Ke3 h5 36. a4 bxa4 37. Nxa4 Bc1+ 38. Kf2 Bd7 39. Nc5 Bb5 40. Kg3 Bd2 41. Bb7 Bxb4 42. Nxa6 Be1+ 43. Kf3 Bxh4 44. Nc5 Be7 45. Ne4 Ba4 46. Nc3 Bc2 47. Ba6 Bf5 48. Bc4 Bb4 49. Ne4 Bg4+ 50. Kg3 Be7 51. Nf2 Bf5 52. Kf3 Ke8 53. Ne4 Kf7 54. Nf2 Kf6 55. Ne4+ Bxe4+ 56. Kxe4 Bd6 57. Kf3 e5 58. fxe5+ Bxe5 59. Bd3 g5 60. Kg2 g4 61. Be2 Kg5 62. Bd1 Bc7 63. Ba4 h4 64. Bd7 h3+ 65. Kh1 Kh4 66. Bxg4 Kxg4 1/2-1/2